000
00313nam a2200133Ia 4500
008
210210b1991 xxu||||| |||| 00| 0 eng d
082
_a
828 PANB
100
_a
PANDEY (B N),Ed.
245
_a
Book of India
260
_a
N D
_b
Rupa & Co.,
_c
1991
300
_a
116
690
_a
English Collections
906
_a
046502
999
_c
95922
_d
95922